Piłka nożna - FC Barcelona - nagła śmierć - Statystyki

Ogólne statystyki
  • Ten quiz został rozwiązany 5 235 razy
  • Średni wynik to 26 z 37
Answers on the Grid
Answers color-coded by a green-red scale on the quiz's grid according to % correct below.
Lionel Messi
Neymar
Andrea Pirlo
Arda Turan
Pedro
Aritz Aduriz
Jordi Alba
Sergi Roberto
Harry Kane
Robert Lewandowski
Arjen Robben
Samuel Umtiti
Luuk de Jong
Frenkie de Jong
Samuel Eto'o
Hugo Lloris
Kylian Mbappe
Lamine Yamal
Dani Alves
Johan Cruyff
Robin van Persie
Edwin van der Sar
Thierry Henry
Dominik Szoboszlai
Mohamed Salah
David Villa
Alvaro Morata
Sadio Mane
Gerard Pique
Rivaldo
Ronaldo Nazario
Gareth Bale
Cristiano Ronaldo
Marc Bartra
Ronaldinho
David Beckham
Paolo Maldini
Luis Enrique
Pep Guardiola
Sergio Busquets
Pele
Diego Maradona
Kaka
Sergio Aguero
Zbigniew Boniek
Karim Benzema
Pedri
Gavi
Pierre-Emerick Aubameyang
Ferran Torres
Andreas Christensen
Francesco Totti
Romario
Antoine Griezmann
Andres Iniesta
Zinedine Zidane
Dani Carvajal
Raul
Ronald Koeman
Javier Mascherano
Vinicius Junior
Rodrygo
Victor Valdes
Steven Gerrard
Bobby Moore
Victor Osimhen
Lautaro Martinez
Mario Gotze
 
Statystyki odpowiedzi
Odpowiedź % Poprawnych
Lionel Messi
97%
Neymar
96%
Robert Lewandowski
85%
Jordi Alba
83%
Lamine Yamal
82%
Frenkie de Jong
81%
Sergi Roberto
79%
Samuel Eto'o
78%
Dani Alves
77%
Pedro
77%
Gerard Pique
74%
Johan Cruyff
74%
Samuel Umtiti
74%
Ronaldinho
73%
Gavi
71%
Pedri
71%
Sergio Busquets
70%
Ferran Torres
68%
Pep Guardiola
68%
Andres Iniesta
67%
Andreas Christensen
66%
Arda Turan
66%
David Villa
66%
Thierry Henry
66%
Luis Enrique
65%
Luuk de Jong
65%
Rivaldo
65%
Antoine Griezmann
63%
Ronaldo Nazario
62%
Pierre-Emerick Aubameyang
61%
Victor Valdes
61%
Javier Mascherano
60%
Ronald Koeman
59%
Marc Bartra
57%
Sergio Aguero
57%
Diego Maradona
55%
Romario
49%
Nie znaleziono quizów pasujących do podanych kryteriów
Rozkład punktacji
Procent ludzi z każdym wynikiem
Percentyl według liczby udzielonych odpowiedzi
Twoja historia wyników
Nie rozwiązałeś tego quizu